00823cam a22002174a 4500020001500000020002200015040000800037082002600045245007800071260007300149300002700222650002500249650003400274650001800308700002800326700002400354856006800378942000700446999001700453952013500470 a041527625X a0415276268 (pbk.) cDLC00a174 EID 2003 A002 Or.02aA moral critique of development :bin search of global responsibilities / a[Mirano, Venice] :bEIDOS ;aLondon ;aNew York :bRoutledge,c2003. axiii, 309 p. ;c24 cm. 0aEconomic development 0aEconomic development projects 0aGlobalization1 aQuarles van Ufford, Ph.1 aGiri, Ananta Kumar.42uhttp://www.loc.gov/catdir/enhancements/fy0650/2002036927-d.html cEK c15642d15642 0010406174_000000000000000_EID_2003_A009_OR70969205aLBAbLBAcA009d2017-12-05o174 EID 2003 A009 Or.pA07261r2017-12-05yEK